[Event "Ljubljana"]
[Site "Ljubljana"]
[Date "1997.??.??"]
[Round "1"]
[White "Pavasovic, Dusko"]
[Black "Atalik, Suat"]
[Result "1/2-1/2"]
[WhiteElo "2460"]
[BlackElo "2555"]
[Annotator "Har Zvi,R"]
[PlyCount "86"]
[EventDate "1997.05.20"]
[EventType "tourn"]
[EventRounds "11"]
[EventCountry "SLO"]
[EventCategory "9"]
[SourceTitle "CBM 058 Extra"]
[Source "ChessBase"]
[SourceDate "1997.07.29"]
[SourceVersion "1"]
[SourceVersionDate "1997.07.29"]
[SourceQuality "1"]

1. e4 c5 2. c3 Nf6 3. e5 Nd5 4. d4 cxd4 5. Nf3 d6 6. cxd4 Nc6 7. Bc4 e6 8. O-O
Be7 9. Qe2 O-O 10. Qe4 Qc7 (10... b6 11. Bxd5 (11. Bd3 g6 12. Bh6 Re8 13. a3 (
13. Nc3 Ncb4 14. Be2 Bb7 15. Nxd5 Bxd5 (15... Nxd5 16. Bb5 Nc7 17. Qxb7 Nxb5
18. Rac1 $14) 16. Qf4 Bxf3 17. Bxf3 d5 18. Be2 $1 $14 {[%cal Ge2a6] /+/-
Berelovich,A-Obukhov,A Sochi 1993}) (13. Nbd2 Ndb4 (13... Ncb4 14. Bb5 Bd7 15.
Be2 Ba4 16. Qg4 a6 17. a3 Nc6 18. Rac1 Na5 19. h4 $40 {Smagin,S-Milosevic
Geneve 1990}) 14. Bb1 Ba6 15. Rd1 dxe5 16. dxe5 Qd5 $11 {Dvorietzky,M-Taimanov,
M Vilnus 1975 21/(271)}) 13... Bb7 14. Nbd2 Rc8 (14... dxe5 15. dxe5 Na5 16.
Qe2 Bf8 17. Bg5 Be7 18. Bh6 Bf8 19. Bg5 Be7 20. Ne4 Nb3 21. Rad1 $14 {/+/-
Finkel,A-Shmuter,L Beer-Sheva 1996}) 15. Rac1 (15. Rad1 Na5 16. Qg4 dxe5 17.
Nxe5 Nf6 18. Qf4 Nc6 19. Ndf3 Bf8 $13 {Platonav,I-Agzamov SSSR 1977 23/331})
15... Rc7 16. Rfe1 dxe5 17. dxe5 Nb8 18. Rxc7 Qxc7 19. Qg4 Nd7 20. h4 Nc5 $132
{Sermek,D-Kozul,Z Portoroz 1996}) 11... exd5 12. Qxd5 Ba6 13. Rd1 $146 (13. Re1
Nb4 14. Qb3 dxe5 15. dxe5 Qd3 16. Rd1 Qg6 17. Nc3 Bb7 18. Ne1 Rad8 $44 {
/+/= Greenfeld,A-Kagan,S ISR-ch 1986}) (13. Qxc6 $2 Bxf1 14. Kxf1 Rc8) 13...
Nb4 $2 {black has missed the ideas,after Re1 he can play Nb4 but here he just
has a much better move,which gets at least slight advantage for him,while
after 13...Nb4 he is a pawn down} (13... Be2 $1 14. Rd2 (14. Re1 Nb4 15. Qxa8
$8 (15. Qe4 Bd3 16. Qe3 Bxb1 17. Rxb1 Nc2 $17) (15. Qb3 Nd3 16. Rxe2 Nxc1 $17)
15... Qxa8 16. Rxe2 dxe5 17. dxe5 Qc6 $15) 14... Bxf3 15. Qxf3 (15. gxf3 $2 Bg5
16. Re2 Bxc1 17. Qxc6 Bxb2 $3 18. Rxb2 Rc8 $19 {[%cal Gc8c1,Gd8g5]}) 15... dxe5
(15... Bg5 16. Qxc6 Rc8 17. Qa4 Rxc1+ 18. Rd1 Rxd1+ 19. Qxd1 dxe5 20. d5 $13)
16. dxe5 Nxe5 $15) 14. Qb3 d5 {[%cal Ga6c4]} 15. Na3 Qd7 16. Bd2 Nd3 17. Be3
Nb4 18. Bd2 Nd3 19. Ne1 Nxe1 20. Bxe1 Bxa3 (20... Be2 $5 {HarZvi,R}) 21. Qxa3
$14 {/+/- 1/2-1/2 Pavasovic,D-Sideif Sade,F/EU-chTM 1997/EXP 57/[HarZvi,R] (57)
}) (10... Bd7 11. Bd3 f5 12. exf6 Nxf6 13. Qe2 Qa5 14. Bc4 d5 15. Bd3 Bd6 16.
Nc3 Rae8 17. Bg5 e5 18. dxe5 Nxe5 19. Nxe5 Bxe5 20. Qc2 Bc6 $132 {1/2-1/2
Pavasovic,D-Kozul,Z/Ljubljana op 1996/EXP 53 (40)}) 11. Bd3 g6 (11... f5 12.
exf6 Nxf6 13. Qe2 a6 14. Nc3 d5 15. a3 Bd6 16. Bg5 Ng4 $1 $36 {0-1 Pirrot,
D-Cvitan,O/Bad Woerishofen op 1996/EXT 96op2 (34)}) 12. Bh6 Rd8 13. Nbd2 dxe5
14. dxe5 Nb6 (14... Bd7 15. a3 Be8 16. Rfe1 Nb6 17. Bb1 Qd7 18. Qf4 Nd4 19. Bg5
Qa4 20. b4 Nxf3+ 21. Nxf3 Bxg5 22. Nxg5 Rd1 23. Be4 Rad8 24. Bf3 Rxe1+ 25. Rxe1
Qxa3 26. Qh4 h5 27. Ne4 Rc8 28. Nf6+ Kf8 29. Qf4 Rc3 30. Qh6+ Ke7 31. Qg5 Kf8
32. Bxb7 Nd7 33. Qh6+ Ke7 34. Qh8 Nxf6 35. exf6+ Kd8 36. Qf8 Kc7 37. Qxe8 Rc1
38. Qc8+ {1-0 Sermek,D-Kozul,Z/Bled op 1993/TD 93\04}) 15. Rac1 (15. Rfe1 Nd7
16. Bf1 Nc5 17. Qf4 a5 18. Rac1 Nb4 19. Bg5 b6 20. Ne4 Nd5 21. Qh4 Ba6 22. Bxa6
Rxa6 23. Nf6+ Bxf6 24. Bxf6 Nxf6 25. exf6 Qd6 {[#]} 26. Ne5 h5 27. g4 hxg4 28.
Rcd1 {1-0 Sermek,D-Dimitrov,V/Velden op 1993/TD 93\07}) 15... Nd7 16. Bb5 (16.
Rfe1 $4 Nc5 $19) 16... Ndxe5 17. Nxe5 Qxe5 18. Bxc6 Qh5 19. Bxb7 (19. Bf4 bxc6
20. Qxc6 Bd7 21. Qe4 $13) 19... Bxb7 20. Qxb7 Qxh6 (20... Bd6 21. g3 Qxh6 22.
Nc4 Qf8 23. Rfd1 {1/2-1/2 Strikovic,A-Kozul,Z/JUG-Cup Pula 1990/TD 90\01}) 21.
Ne4 (21. Qxe7 $142 {B>N _|_} Rxd2 22. Rc7 $10 {_|_}) 21... Qf8 22. Rc7 (22. Rc2
Rab8 23. Qxa7 (23. Qa6 Rb4) 23... Ra8 24. Qe3 Rxa2 $15) 22... Rdb8 23. Qc6 Rc8
24. Rd1 Rxc7 25. Qxc7 Rd8 26. Rxd8 (26. Rc1 $5) 26... Qxd8 27. Qxd8+ (27. Qc2
$142 $15) 27... Bxd8 28. Kf1 $146 {this is the first new move! on move 28
everything till here has already been played by many strong players,it really
means that by playing this line white is satisfied with a draw,since this is
the maximum he can get is draw,but probably this was OK for white} (28. b4 $2 {
when you teach a beginner how to play an endgame I believe the first rule
should be "active king"...Sermek a strong player do not obey this rule and of
course pay the price immediately} f5 29. Nd2 e5 30. Nc4 Bc7 31. a4 (31. Kf1 Kf7
32. Ke2 Ke6 {/\Kd5}) 31... Kf7 {the king!} 32. b5 Ke6 33. a5 Bb8 $1 {of course,
not allowing to exchange the pawns on the Queen's side which results after 33..
.Kd5 34.b6,white has good drawing chances} 34. Ne3 (34. a6 Kd5 35. Na5 Bc7 36.
Nc6 Bb6 37. Kf1 e4 $19) (34. b6 a6 $1 {/\Kd5-+ קa5,b6}) 34... Kd6 35. g4 f4
36. Nd1 Kc5 37. b6 a6 38. Nc3 Kb4 39. Nd5+ Kxa5 {0-1 Sermek,D-Kozul,Z/Maribor
Pirc 1993/CBM 36/[Blatny,P]}) 28... f5 29. Nc5 Kf7 30. Ke2 Bf6 31. b4 Bd4 32.
Nb3 Bb6 33. a4 {nothing special here,a draw is the coming result} Ke7 34. a5
Bc7 35. Nd4 Kd7 36. h3 e5 37. Nb5 a6 38. Nc3 (38. Nxc7 $2 Kxc7 39. Kd3 Kc6)
38... e4 39. b5 axb5 (39... Bxa5 40. bxa6) 40. a6 Bb6 41. Nxb5 Kc6 42. a7 Kb7
43. f3 Bc5 1/2-1/2

[Event "Tan Chin Nam Cup 3rd "]
[Site "Beijing"]
[Date "1997.08.15"]
[Round "6"]
[White "Sermek, Drazen"]
[Black "Atalik, Suat"]
[Result "0-1"]
[WhiteElo "2565"]
[BlackElo "2590"]
[Annotator "Har Zvi,R"]
[PlyCount "62"]
[EventDate "1997.08.11"]
[EventType "tourn"]
[EventRounds "11"]
[EventCountry "CHN"]
[EventCategory "12"]
[SourceTitle "CBM 061"]
[Source "ChessBase"]
[SourceDate "1997.11.23"]
[SourceVersion "1"]
[SourceVersionDate "1997.11.23"]
[SourceQuality "1"]

1. e4 c5 2. c3 Nf6 3. e5 Nd5 4. Nf3 Nc6 5. d4 cxd4 6. Bc4 e6 7. cxd4 d6 8. O-O
Be7 9. Qe2 O-O 10. Qe4 {I think it will not be a mistake to say very clearly
that Sermek is clearly the leading player in the world in this variation,many
of the important lines in theory are in the games Sermek-Kozul in the line 10..
.Qc7} Bd7 {a rare move,most in most of the game with this position black
continued 10...Qc7 or 10...b6 10...Re8 is also possible,you can find the
theory of this moves in the games} 11. Bd3 f5 12. exf6 Nxf6 13. Qe2 Qa5 (13...
Nd5 14. Nc3 Ncb4 15. Be4 Rc8 16. Bd2 a6 17. Rfe1 Rf7 18. Rac1 b5 19. Bb1 $36 {
1-0 Sermek,D-Kersten,U/Biel op 1994/TD 94\02 (29)}) 14. Nc3 $146 (14. Bc4 d5
15. Bd3 Bd6 16. Nc3 Rae8 17. Bg5 e5 18. dxe5 Nxe5 19. Nxe5 Bxe5 20. Qc2 Bc6 21.
Rae1 Bxc3 22. Rxe8 Rxe8 23. bxc3 Ne4 24. Be3 Bb5 25. c4 Rc8 26. Bxe4 dxe4 27.
Qxe4 Bxc4 28. Rc1 b5 {Pavasovic,D-Kozul,Z/Ljubljana op 1996/EXP 53/1/2-1/2 (41)
}) 14... Qh5 {is seems black has quite a nice position,with not bad chances,
all his pieces are in the,he has an half open file to play on [ the "f" file
of course ] he has a good place for hsi queen,his only disadvantage as I see
it may be the pawns in the center "d6" and "e6" which may become a weakness,
but in genral black should be satisfied from the opening result} 15. a3 (15.
Bf4 $5) (15. Re1 $5) 15... Nd5 16. Be4 (16. Nxd5 $6 exd5 $1 $36 {[%csl Rd4,Rf3]
[%cal Gd7g4,Ge7f6,Ga8e8]}) (16. Bd2 Nf4 17. Bxf4 Rxf4 $36) 16... Rae8 (16...
Nf4 $6 17. Bxf4 Rxf4 18. d5) 17. Bd2 Nxc3 18. Bxc3 d5 19. Bd3 Bd6 {black has
created a weak point at "e5" which white will not be able to use,while black
play on the king's side becomes now very serious and dangerous for white} 20.
h3 (20. Rfe1 Re7 (20... Rxf3 21. Qxf3 Qxh2+ 22. Kf1 Rf8 23. Qh3 $8 Qxh3 24.
gxh3 $13) 21. Ne5 Qh6 $13) 20... Re7 {[%cal Gd7e8,Yh5h6,Ge8h5] black is going
to play a typical idea to from the French defence and also from the Stonewall
variation transfering the bishop on c8 to the h5-d1 diagonal or sometimes to
the b1-h7 diagonal} 21. Qd1 (21. Qd2 $5 {just taking the "h6" square from
black's queen} Rxf3 $6 (21... Be8 $5) 22. Be2 Rxh3 (22... Ref7 23. Qd1) 23.
Bxh5 Bh2+ 24. Kh1 Rxh5 25. Qe2 Rh4 {with a very unclear position}) 21... Be8
22. Be2 Qh6 23. b4 (23. Bd2 Bf4 24. Bxf4 Qxf4 {[%cal Ge8h5]}) 23... Bh5 {
black is just in time to exchange white;s knight before white has already
played b5} 24. b5 Bxf3 25. Bxf3 Qf4 $36 26. Re1 Nd8 27. Bb4 $6 {this is a
wrong idea,white must keep he dark squares bishop to prevent black's knight
from coming to g5,this is his job,after exchanging the dark squares bishop we
will see in the variations below white has problems preventing black's knight
from becoming very active} (27. Kf1 $5 Nf7 28. Qd3 {with Bd2 when it seems
white can survive}) 27... Qh2+ 28. Kf1 Nf7 29. Qd2 (29. Bxd6 Nxd6 30. Bxd5 $4
Qh1+ 31. Ke2 exd5+) 29... Bxb4 30. Qxb4 $2 (30. axb4 Rc7 $1 31. Rac1 (31. Ke2
Nd6 $17 {[%csl Rb5,Rd4]}) 31... Rxc1 32. Qxc1 h6 $1 $17 {[%cal Gf7g5]}) {
[%tqu "En","white's last is a serious mistake losing immediately.black had to
play only to moves before white resigned,can you see these 2 moves?","thing
about white second rank,how can black get there?","","e7c7","",6]} 30... Rc7 $1
$19 {[%cal Gc7c2] the game is over!} 31. Qd2 Ng5 $1 (31... Ng5 32. Qxg5 Rc2 {
[%cal Gh2h1]}) 0-1

[Event "Tan Chin Nam Cup 3rd "]
[Site "Beijing"]
[Date "1997.08.11"]
[Round "2"]
[White "Sermek, Drazen"]
[Black "Zhu, Chen"]
[Result "1-0"]
[WhiteElo "2565"]
[BlackElo "2515"]
[Annotator "Har Zvi,R"]
[PlyCount "83"]
[EventDate "1997.08.11"]
[EventType "tourn"]
[EventRounds "11"]
[EventCountry "CHN"]
[EventCategory "12"]
[SourceTitle "CBM 061"]
[Source "ChessBase"]
[SourceDate "1997.11.23"]
[SourceVersion "1"]
[SourceVersionDate "1997.11.23"]
[SourceQuality "1"]

1. e4 c5 2. c3 d5 3. exd5 Qxd5 4. d4 Nf6 5. Nf3 Bg4 6. Be2 cxd4 {certainly not
played very often,the two main moves in the position are 6...Nc6 and 6...e6} 7.
cxd4 e6 8. Nc3 Qa5 (8... Qd6 9. Be3 (9. O-O Nc6 10. h3 Bh5 11. g4 Bg6 12. Ne5
Be7 13. Nb5 Qd8 14. Bf3 {0-1 Tzermiadianos,A-Mastrokoukos,G/Hania op 1993/EXP
36 (38)}) 9... Nc6 10. Qb3 Qb4 11. Qxb4 Bxb4 12. a3 Be7 13. Ne5 Bxe2 14. Kxe2
Rc8 15. Rac1 a6 16. Na4 Nd5 17. Rc4 f6 18. Nxc6 Rxc6 19. Rxc6 bxc6 20. Kd3 Kd7
21. Bd2 $11 {1/2-1/2 Shrentzel,M-Serebrjanik,A/Tel Aviv Czerniak 1994/EXT 94 
(51)}) 9. h3 Bh5 10. Qb3 (10. Be3 Nc6 11. a3 Be7 12. Qb3 Qc7 13. d5 exd5 14.
Nxd5 Nxd5 15. Qxd5 Bg6 16. O-O O-O 17. Rac1 Rad8 18. Qb5 Qb8 19. Qa4 Bf6 20.
Bb5 Bd3 $11 {1/2-1/2 Rozentalis,E-Summerscale,A/Groningen op 1995/EXP 50 (35)})
10... Bb4 $146 (10... Qb4 11. g4 Bg6 12. Ne5 Nc6 13. Bb5 Rc8 14. O-O Qxd4 15.
Bxc6+ bxc6 16. Qb7 Qd8 17. Bf4 Rc7 18. Qa6 Bd6 19. Rad1 Nd5 20. Nxd5 exd5 21.
Nxc6 Qf6 22. Bxd6 Qxd6 23. Rfe1+ Kf8 24. Rxd5 {1-0 Keitlinghaus,L-Miles,A/Bad
Woerishofen op 1997/EXP 57}) 11. O-O O-O 12. a3 Bxc3 13. bxc3 Qc7 14. c4 $14 {
the plans for both sides are quite obvious here,black should attack white's
pawns in the center,while white who enjoyes a pair of bishops plus his pawns
in the center that are both advantage and disadvantage should try to advance
his "d" creating a pass pawn and even more important opening the a1-h8
diagonal,it seems to me that white has better chances here} Nc6 15. Bb2 Na5 (
15... Rfd8 16. Rfd1) 16. Qb4 Ne4 (16... Rac8) 17. Rfe1 Nd6 18. d5 Naxc4 19. Qc3
f6 20. dxe6 {the "e6" pawn may be a very good one but if white does not manage
to do something I mean in his attack then this pawn might become a weak one} (
20. Nd4 Bxe2 21. Nxe6 Qb6 22. Rxe2 Rf7 $13 {when now the bishop on b2 is not
good}) 20... Rac8 21. Rad1 (21. Rac1 $5) 21... Qb6 (21... Nxb2 $6 {right now
white's bishop on b2 is not a strong one,since it is blocked very well by the
f6-g7 pawns} 22. Qxb2 $14) 22. Ba1 Rfe8 23. Nd4 Bg6 (23... Bxe2 $5 24. Rxe2 Qa6
25. Bb2 $132 {[%cal Gc3g3]}) 24. Qg3 Qa5 25. h4 (25. Bxc4 $5 Nxc4 26. Qb3 Nxa3
(26... b6 27. a4 $14) 27. Qxb7 Rc7 28. Qf3 Nc2 29. Nxc2 Rxc2 $11) 25... Ne4 (
25... Qxa3) 26. Qg4 Ne5 (26... Qxa3 $2 27. Bxc4 $1 (27. h5 Nxf2 28. Kxf2 Ne3
29. Qf3 Nxd1+ 30. Rxd1 $16) 27... Rxc4 28. h5 $18) 27. Qf4 Nc5 {[%cal Gc5d3]}
28. Qe3 h6 $2 (28... Nxe6 $2 29. Nxe6 Rxe6 30. f4) (28... Ned3 $2 29. Rf1 $16)
(28... Bd3 $1) 29. f4 Nc6 30. Bc4 {I do not like this move 30.Nb5 just seems
strong enough} (30. Nb5 $5 Ne7 31. g4 Nd5 32. Qd4 Red8 33. f5) 30... Kh8 (30...
Nxd4 31. Bxd4 $16 {[%cal Gg2g4,Gf4f5]}) 31. Nb5 Ne4 (31... Ne7 32. g4 $1 $16 {
[%cal Gb5d6,Gf4f5] /+-}) 32. Kh2 a6 (32... Bf5 33. Nd4 Nxd4 34. Rxd4 Nd6 (34...
Nc5 35. e7 $16) 35. Bb3 Qxa3 $13) 33. Nd6 Nxd6 34. Rxd6 Qh5 $2 (34... Ne7 {
[%cal Ge7f5,Gc8c4] when it seems white is in trouble now} 35. Bb3 (35. Bd3 Qxa3
) 35... Nf5 36. Qd2 Qxa3) 35. Qg3 Ne7 36. Be2 {now white has this move} Qa5 37.
Rd7 Bf5 $4 {a terrible mistake losing immediately,black had to play Be4} (37...
Be4) 38. Bh5 $18 {the game is over} Qb5 39. Bxe8 Rxe8 40. Qe3 Nd5 41. Qd4 Qa5
42. Re5 1-0

[Event "HUN-ch"]
[Site "Budapest"]
[Date "1996.??.??"]
[Round "7"]
[White "Varga, Zoltan"]
[Black "Horvath, Jozsef"]
[Result "1/2-1/2"]
[WhiteElo "2450"]
[BlackElo "2515"]
[Annotator "Har Zvi,R"]
[PlyCount "124"]
[EventDate "1996.12.??"]
[EventType "tourn"]
[EventRounds "11"]
[EventCountry "HUN"]
[EventCategory "9"]
[SourceTitle "CBM 057"]
[Source "ChessBase"]
[SourceDate "1997.04.01"]
[SourceVersion "1"]
[SourceVersionDate "1997.04.01"]
[SourceQuality "1"]

1. e4 c5 2. Nf3 Nc6 3. c3 d5 4. exd5 Qxd5 5. d4 Nf6 6. Be3 cxd4 7. cxd4 e6 8.
Nc3 Qd6 9. a3 Be7 10. Bd3 O-O 11. O-O a6 (11... Rd8 12. Re1 (12. Rc1 Bd7 13.
Qb3 Na5 14. Qa2 a6 15. Ne5 Nc6 16. Nc4 Qc7 17. d5 $6 Ng4 $1 18. g3 Nxe3 19.
Nxe3 Nd4 $15 {Van Mill,J-Sosonko,G NLD-ch 1993}) 12... b6 13. Qe2 Bb7 14. Rad1
g6 $6 (14... h6) 15. Bb1 Rac8 16. Ba2 Re8 17. d5 $1 $16 {De La Villa Garcia,
J-Sion Castro,M Leon 1995}) (11... Nd5 12. Qc2 $5 g6 13. Nxd5 exd5 14. Rae1 Bf6
15. b4 $1 Bd7 16. Qd2 $1 Be6 17. Bf4 Qd8 18. Bh6 Bg7 19. Qf4 {+/=/+/-
Rosentalis,E-Epishin,V URS-sf Daugavpils 1989}) (11... h6 12. Qe2 Nd5 13. Ne4
Qd8 14. Rac1 f5 15. Nc5 Qd6 16. Bb5 Bf6 17. Nd3 Bd7 $13 {Imanaliev,T-Sakaev,K
Frunze 1989}) 12. Qe2 (12. Rc1 Bd7 13. Bb1 Rac8 14. Qd3 Rfd8 15. Bg5 g6 16.
Rcd1 Be8 17. Rfe1 Nd5 {1/2-1/2 Van Mill,J-Sosonko,G NLD-ch 1992}) (12. Bg5 $6
Rd8 13. Ne4 Nxe4 14. Bxe7 Nxe7 15. Bxe4 Bd7 $1 16. Rc1 (16. Bxb7 Rab8) 16...
Bc6 17. Qd3 h6 $15 {[%csl Rd4] Mance,F-Magerramov,E Budapest op 1990}) 12... b5
13. Rac1 (13. Rad1 Bb7 14. Rfe1 Rfd8 15. Bb1 Na5 16. Ne5 Rac8 17. Ba2 $13 {
Bojkovic,N-Nutu Gajic,D Jug-chW Split 1989}) 13... Bb7 14. a4 $6 {white was
thinking that he will get the c5 square and create a weak "a" pawn for black,
but the truth is that after this move white is between slightly or much worse
since as we will see black get the initiative immediately} bxa4 15. Nxa4 Nb4
16. Bb1 $6 {just losing a pawn,maybe white should have tried Ne5 but anyway
his position is very unpleasent} Ng4 $1 {[%cal Gb7f3]} 17. Ne5 $8 (17. g3 Qd5
18. h3 Qxf3 19. Qxf3 Bxf3 20. hxg4 Bxg4 $17) 17... Nxe5 18. dxe5 Qxe5 19. Nb6 (
19. f4 $5 Qb5 $1 {the only move to get a clear advantage all other moves leads
to an unclear position} (19... Qa5 $5 20. Nb6 {and it is very difficult to
find a place for black's rook since after Rd8 white has Rc7 and after Re8 or
Rb8 white has Nd7}) (19... Qf6 20. Rc7 $1 Bc8 (20... Bc6 21. Rxc6 Nxc6 22. Qc2
{[%cal Gc2c6,Gc2h7]}) 21. Nb6 Rb8 22. Qc4 $1 $36 {[%csl Rc8]}) 20. Qxb5 axb5
21. Nb6 Nd5 $1 {this is the important move which black now has} 22. Nxd5 (22.
Nxa8 Nxe3 23. Rc7 (23. Rfe1 Nxg2 $19) 23... Bxg2 $1 $17 {/-+})) 19... Rad8 20.
f4 $1 Qb8 {now black can play this move since his rook is on d8 not a8,again
Qf6 was not good becuase of Rc7} 21. f5 exf5 (21... Nd5 22. fxe6 fxe6 23. Qh5
Nf6 24. Rxf6 Rxf6 25. Qxh7+ Kf7 26. Qh5+ $11) 22. Bxf5 {[%cal Gb6d7]} Bc6 23.
Rxc6 $1 (23. Qg4) 23... Nxc6 24. Nd7 Rxd7 25. Bxd7 Ne5 26. Ba4 {I think black
has one very strong idea simply to try a exchange the black bishops after
white's king will become very weak plus black will have full control over the
black squares,and as we know a type of endgame Queen+Knight against a
Queen+Bishop is better for the one with the knight especially when one's king
is weak} (26. Bf5) 26... Rd8 (26... Qb4) 27. Rd1 Rxd1+ (27... g6 $1) (27... Qb4
28. Rxd8+ Bxd8 29. Qd2 $8) 28. Bxd1 (28. Qxd1 Qxb2 $19) 28... a5 (28... Qb4 29.
Qd2) 29. h3 $6 {why?!} Qb4 30. Bd2 Qxb2 31. Bxa5 Qd4+ 32. Kh1 Bc5 33. Qe1 $8 (
33. Qf1 Nd3 34. Be1 Qe5 $1 35. Be2 (35. Qxd3 $4 Qxe1+ 36. Kh2 Bg1+ 37. Kh1 Bf2+
38. Kh2 Qg1#) (35. Bh4 Bd6) 35... Bd6 36. g3 Nxe1 37. Qxe1 Qe3 $1 {[%cal Gd6g3]
} (37... Qxg3 $4 38. Qxg3 Bxg3 39. Kg2 $11) 38. Kg2 Bxg3 $19) 33... Nd3 34.
Qe8+ Bf8 35. Bb3 (35. Be1) 35... Nf2+ $1 36. Kh2 (36. Kg1 Nxh3+ 37. Kh2 Ng5 $19
38. Bd8 Ne6) 36... Qf4+ 37. g3 (37. Kg1 $2 Nxh3+ $19) 37... Qf3 38. Qe1 Bd6 39.
Qe8+ Bf8 40. Qe1 h5 {[%cal Gf8d6] I think that black should win this position
he has two amin ideas one is h5 as he has played in the game the other also a
good one is Qf5 right now insted on h5 when it seems white can not defend his
"h" pawn} (40... Qf5 41. Kg2 (41. g4 $2 Qf3 $19 {[%csl Rh2]}) 41... Nxh3 42.
Bd2 Ng5 43. Bxg5 Qxg5 {with very very good winning chances for black}) 41. Bc7
$8 Qf5 $6 {there was the simple Nxh3 just taking another pawn again with
fantastic winning chances} 42. Qe8 $8 h4 43. Kg2 (43. gxh4 $4 Qxh3+ 44. Kg1
Qxb3 45. Kxf2 Qc2+) 43... Ne4 44. Bf4 $8 Nxg3 (44... hxg3 45. Bxf7+ $1 Qxf7 46.
Qxe4 $11) 45. Bxg3 hxg3 46. Qe3 (46. Kxg3 $4 Qd3+) 46... Bd6 47. Qe8+ Bf8 48.
Qe3 Qf6 49. Qxg3 {and here insted of getting this position with another pawn
on h7 black has only one extra pawn,and the game should probably end with a
draw} Qb2+ 50. Kf1 Qb1+ 51. Ke2 Qb2+ 52. Kf1 Qb1+ 53. Ke2 Qe4+ 54. Qe3 Qg2+ 55.
Qf2 Qe4+ 56. Qe3 Qb7 57. Qf3 Qe7+ 58. Kf1 g6 59. h4 $1 {not allowing black to
organize his pieces} Bg7 60. h5 g5 61. Qf5 Qf6 62. Qxf6 Bxf6 1/2-1/2

[Event "HUN-ch"]
[Site "Budapest"]
[Date "1996.??.??"]
[Round "2"]
[White "Palkovi, Jozsef"]
[Black "Horvath, Csaba"]
[Result "1-0"]
[WhiteElo "2460"]
[BlackElo "2530"]
[Annotator "Har Zvi,R"]
[PlyCount "69"]
[EventDate "1996.12.??"]
[EventType "tourn"]
[EventRounds "11"]
[EventCountry "HUN"]
[EventCategory "9"]
[SourceTitle "CBM 057"]
[Source "ChessBase"]
[SourceDate "1997.04.01"]
[SourceVersion "1"]
[SourceVersionDate "1997.04.01"]
[SourceQuality "1"]

1. e4 c5 2. c3 d5 3. exd5 Qxd5 4. d4 Nf6 5. Nf3 g6 (5... e6) (5... Bg4) (5...
Nc6) 6. Na3 Bg7 (6... cxd4 7. Nb5 Na6 8. Nbxd4 $14) 7. Bc4 (7. Be3 cxd4 8. Nb5
(8. Qxd4 Nc6) 8... O-O $1 9. Qxd4 (9. Nc7 $4 Qc5 $19) 9... Nc6 $1 10. Qh4 (10.
Qxd5 Nxd5 11. Bg5 a6 $10 {/=/+}) 10... Ng4 $1 11. Nc7 Qa5 12. Nxa8 Bxc3+ 13.
Bd2 Bxd2+ 14. Nxd2 Qe5+ 15. Be2 (15. Kd1 g5) 15... Nd4 16. O-O g5 $1 $19 {
Sepp,O-Ehlvest,J Riga zt 1995}) (7. Nb5 Na6 8. Be2 (8. dxc5 Qxd1+ (8... Qxc5 $2
9. Be3 $16) 9. Kxd1 Ne4 10. Be3 O-O) 8... cxd4 9. Qxd4 Qxd4 10. Nfxd4 O-O 11.
O-O Bd7 12. Nb3 Rfc8 {Shaked,T-Yermolinsky,A Parsippany ch-USA 1996}) 7... Qe4+
8. Be3 O-O 9. O-O cxd4 10. Bxd4 Nc6 11. Re1 Qf5 12. Be5 Rd8 13. Qb3 Ng4 (13...
Ne4 $2 14. Bxf7+ $1 Qxf7 15. Qxf7+ Kxf7 16. Rxe4 $16) 14. Bxg7 Kxg7 15. Rad1
Qc5 16. Qc2 Bf5 17. Qe2 Rxd1 18. Rxd1 {white is better maybe much better,black
pieces are not organized the knight on g4 is bad the e7 pawn may become weak,
white controls to oprn "d" file,all this give his the advntage} Rd8 $6 {
black tries to exchange rooks,but by doing so he allowes white to play a very
nice idea} (18... Nf6 19. b4 Qb6 20. b5 Na5 21. Qxe7 Nxc4 22. Nxc4 Qxb5 23.
Qxf7+ (23. Nd6 Qd7 $8) 23... Kxf7 24. Nd6+ $16) 19. Rxd8 Nxd8 20. h3 Nf6 {
[%tqu "En","try to find white's move,believe look for a move with a trick in
it because from a positional point of view it is terrible!","","","b2b4","",7]}
21. b4 $1 $16 {[%csl Ra7,Re7]} Qc7 22. Nb5 Qf4 23. Nxa7 Ne4 (23... Qc1+ 24. Qe1
) 24. Nb5 Bd7 25. Bd3 $1 Ng5 (25... Bxb5 26. Qxe4) 26. Qe5+ Qxe5 27. Nxe5 $18
Bxb5 28. Bxb5 Ne4 29. c4 Nc3 30. a3 Ne6 31. Bd7 Nd4 32. c5 Nc2 33. Nc4 Nb1 34.
b5 Nc3 35. b6 1-0